00913 2200313 4500001002100000005001500021035002000036007000300056040001700059100004000076245008100116250001200197300003800209504002900247020002200276041000800298082001100306084001700317090002100334264004600355336002100401337003000422338002300452650001400475700003500489850001000524008004100534990002400575INLIS00000000000758020260602111157 a0010-0922000069ta aSBPUPADbInd0 aPutranto JokohandikusumoePengarang1 aPanduan Pertolongan Pertama /cPutranto Jokohandikusumo ;Editor,Rissa Yanuar a.-Cet.1 ax,130 hlm :billus, ;c15 x 21 cm aBibliografi hlm. 139-140 a978-602-8714-31-007aInd a616.02 a616.02 PUR p a616.02 PUR p18-1 a.--Bandung; :bSarana Ilmu Pustaka,c2009 2rdacontentateks 2rdamediaatanpa perantara 2rdacarrieravolume 4aKesehatan0 aEditor,Rissa YanuarePengarang aPUPAD260602 0  a021/S/KAPD-PDG/2012